Statistics for World War II Timeline - 1939 - 1942

Click here to take the quiz!

General Stats

  • This quiz has been taken 267 times
  • The average score is 14 of 23

Answer Stats

DateEventAnswer% Correct
1 September 1939German invasion of this countryPoland
99%
10 May 1940Germany invades Belgium, Netherlands, Luxembourg and this countryFrance
89%
27 September 1939Fall of this cityWarsaw
89%
23 July 1940Latvia, Lithuania and Estonia are occupied by this countrySoviet Union
88%
10 May 1940This man becomes the British Prime MinisterWinston Churchill
84%
10 June 1940This country declares war on France and BritainItaly
83%
14 June 1940This city falls to the GermansParis
80%
30 November 1939The Soviet Union invade this countryFinland
76%
27 May - 3 June 1940Evacuation of Allied troops from this French beachDunkirk
74%
23 August 1942German forces enter the suburbs of this Soviet cityStalingrad
73%
8 September 1941900 day seige of this city beginsLeningrad
70%
22 June 1941This operation sees the German invasion of the Soviet UnionBarbarossa
62%
4 - 7 JuneThis US - Japanese naval battle occursBattle of Midway
57%
7 December 1941Japan bombs this US naval basePearl Harbour
57%
9 December 1940Britain drives Italian troops out of this countryEgypt
55%
9 April 1940Germany invade these two countriesDenmark and Norway
47%
24 November 1939Japan capture this Chinese cityNanking
46%
25 December 1941This city surrenders to the JapaneseHong Kong
43%
15 February 1942Japanese forces capture this citySingapore
43%
28 June 1941This Soviet city is capturedMinsk
41%
27 September 1940Germany, Italy and Japan sign this pactTripartite
29%
8 November 1942This operation sees the Allied invasion of Morocco and AlgeriaTorch
26%
10 April 1941Rommel attacks this Libyan cityTobruk
25%

Score Distribution

Percentile by Number Answered

Percent of People with Each Score

Your Score History

You have not taken this quiz